01981cam a22003735a 45000010009000000050017000090080041000260100017000670200023000840200022001070200025001290400057001540430021002110820028002322450097002602500013003572600080003703000026004505000081004765000024005575040031005815200330006126500039009426500045009816500058010266500064010846510010011486530025011587100152011837100082013359420008014179990017014259520165014421486090820160228123310.0070523s2006 ts frb i001 0 eng d a 2007410377 a9948008197 (hdbk.) a9948008189 (pbk.) a9789948008187 (pbk.) aEAUbengcEAUdYDXCPdIXAdBAKERdNNUdDLCdEG-ScBUE ama-----aa-ts---04a302.2309174927bARA22200aArab media in the information age /cThe Emirates Center for Strategic Studies and Research. a1st. ed. aAbu Dhabi :bThe Emirates Center for Strategic Studies and Research,c2006. axvi, 709 p. ;c24 cm. aPapers from the 10th ECSSR Annual Conference, Abu Dhabi, January 9-11, 2005. aIndex : p. 689-709. aBibliography : p. 611-687. aExamining the Arab media's influence in shaping Arab public opinion and the western perspectives of the Arab world, this book addresses important questions such as: What is the relationship between media independence and credibility? To what extent do commercial interests and political influence affect Arab media? And more. 0aMass mediazArab countries.2BUEsh 0aMass mediazUnited Arab Emirates.2BUEsh 0aMass media and public opinionzArab countries.2BUEsh 0aMass media and public opinionzUnited Arab Emirates.2BUEsh 2BUEsh bCOMAMEcFebruary20162 aMarkaz al-Imārāt lil-Dirāsāt wa-al-Buḥūth al-Istirātījīyah.bAnnual Conferencen(10th :d2005 :cAbu Dhabi, United Arab Emirates)2 aMarkaz al-Imārāt lil-Dirāsāt wa-al-Buḥūth al-Istirātījīyah. 2ddc c21262d21234 00102ddc40708Anglo-EgypaMAINbMAINc1STd2016-02-28ePurchaseg160.00h13733l2o302.2309174927 ARAp000031713r2025-07-15 00:00:00s2018-08-06v200.00yBB